000 00764nam a22002537a 4500
001 46687
003 BD-RjUL
005 20211209054205.0
008 160803s1950 nyua|||| |||| 00| 0 eng d
035 _a(BD-RjUL)46806
040 _aBD-RjUL
_beng
_cBD-RjUL
041 _aeng
082 _a373
_bBRS 1950
100 _aBriggs, Thomas Henry
_9142320
245 _aSecondary education /
_cThomas Henry Briggs, J. Paul Leonard [and] Joseph Justman
250 _aRev. ed.
260 _aNew York:
_bMacmillan,
_c1950.
300 _aix, 468 p.
_bill. ;
_c22 cm.
650 _aEducation, Secondary.
_9142321
650 _aEducation
_xCurricula.
_9126765
700 _aLeonard, J. Paul
_9142322
700 _aJustman, Joseph
_9142323
942 _2ddc
_cBK
999 _c46687
_d46687